La Iglesia en el mundo contemporáneo
Gardado en:
| Autor Principal: | |
|---|---|
| Formato: | Libro |
| Idioma: | Lingua castelá |
| Publicado: |
Pamplona
Eunsa
1979
|
| Subjects: | |
| Tags: |
Engadir etiqueta
Sen Etiquetas, Sexa o primeiro en etiquetar este rexistro!
|
MARC
| LEADER | 00000nam a2200000 a 4500 | ||
|---|---|---|---|
| 001 | UCP4951 | ||
| 003 | CL-VaPUC | ||
| 008 | 990821e19790000SP |||||||||||||||||spa|d | ||
| 082 | 0 | 4 | |a 270.8 |b RED |2 21 |
| 100 | 0 | |a Redondo, Gonzalo |e author |9 433033 | |
| 245 | 1 | 3 | |a La Iglesia en el mundo contemporáneo |
| 300 | |a 2 v | ||
| 942 | |c BK | ||
| 945 | |d 19990821 00:00:00 |a crobeson | ||
| 260 | |a Pamplona |b Eunsa |c 1979 | ||
| 500 | |a v.1: De Pio VI a Pio IX | ||
| 500 | |a v.2: De León XIII a Pio XI | ||
| 600 | 0 | 7 | |a PIO IX |2 CL-VaPUC |9 337647 |
| 600 | 0 | |a León XIII |9 310697 | |
| 600 | 0 | |a Pío X |9 433034 | |
| 600 | 0 | |a Pío XI |9 337270 | |
| 650 | 7 | |a HISTORIA ECLESIASTICA |2 CL-VaPUC |9 433035 | |
| 650 | 0 | |a Papas |9 258738 | |
| 650 | 0 | |a Cambio social |9 256857 | |
| 650 | 0 | |a Revolución francesa |9 324244 | |
| 650 | 7 | |a REVOLUCIONES POLITICAS |2 CL-VaPUC |9 433036 | |
| 650 | 7 | |a IGLESIA Y POLITICA |2 CL-VaPUC |9 433037 | |
| 650 | 0 | |a Concilio Vaticano I |9 392466 | |
| 583 | |a last modification |c 20130925 05:42:32 |k Rodrigo Vera | ||
| 999 | |c 282839 |d 282837 | ||
| 952 | |0 0 |1 0 |4 0 |6 270_800000000000000_RED_1979 |7 0 |8 A |9 325303 |a BIBHIS |b BIBHIS |d 2019-11-20 |h v.1 |i 1355813 |o 270.8 RED 1979 |p 1355813 |r 2025-01-20 |w 2019-11-20 |y BK |k HIS | ||
| 952 | |0 0 |1 0 |4 0 |6 270_800000000000000_RED_1979 |7 0 |8 A |9 325304 |a BIBHIS |b BIBHIS |d 2019-11-20 |h v.2 |i 1355821 |o 270.8 RED 1979 |p 1355821 |r 2025-01-20 |w 2019-11-20 |y BK |k HIS | ||
| 952 | |0 0 |1 0 |4 0 |6 270_800000000000000_RED_1979 |7 0 |8 A |9 325305 |a BIBTEO |b BIBTEO |d 2019-11-20 |h v.1 |i 2090937 |o 270.8 RED 1979 |p 2090937 |r 2025-01-17 |w 2019-11-20 |y BK |k ICR | ||